Retroalimentación medioambiental /
Respondiendo a Clive Hamilton, George Monbiot subraya las inadecuaciones de los actuales esfuerzos de los gobiernos para afrontar el aumento global de las temperaturas y la necesidad de establecer objetivos coherentes desde el punto de vista científico en vez de convenientes para los cálculos a cort...
Gespeichert in:
| 1. Verfasser: | |
|---|---|
| Format: | Text |
| Schlagworte: | |
| Tags: |
Tag hinzufügen
Keine Tags, Fügen Sie den ersten Tag hinzu!
|
MARC
| LEADER | 00000 a a2200000 04500 | ||
|---|---|---|---|
| 001 | 10105 | ||
| 003 | |||
| 040 | |||
| 100 | |a Monbiot, George | ||
| 245 | |a Retroalimentación medioambiental / |c George Monbiot | ||
| 520 | |a Respondiendo a Clive Hamilton, George Monbiot subraya las inadecuaciones de los actuales esfuerzos de los gobiernos para afrontar el aumento global de las temperaturas y la necesidad de establecer objetivos coherentes desde el punto de vista científico en vez de convenientes para los cálculos a corto plazo de la clase política. Un ataque contra las crueldades de los análisis de coste-beneficio y una llamada en pro de un genuino compromiso ético que reemplace la opcion por las poses u la doble moral en cuestiones medioambientales | ||
| 650 | |a CAMBIOS CLIMATICOS | ||
| 650 | |a MEDIO AMBIENTE | ||
| 650 | |a POLITICA | ||
| 773 | |g número 45; páginas 96-103 | ||
| 999 | |c 37143 |d 37143 | ||
